[Event "EU-ch U14"]
[Site "Bratislava"]
[Date "2019.08.10"]
[Round "9"]
[White "Binz, Lennox"]
[Black "Velkoski, Stojan"]
[Result "1-0"]
[WhiteElo "1871"]
[BlackElo "1389"]
[PlyCount "59"]
[EventDate "2019.08.02"]
[EventType "swiss"]
[EventRounds "9"]
[EventCountry "SVK"]
[SourceTitle "EXT 2020"]
[Source "ChessBase"]
[SourceDate "2019.10.17"]
[SourceVersion "1"]
[SourceVersionDate "2019.10.17"]
[SourceQuality "1"]

1. e4 e5 2. Nf3 Nc6 3. Bc4 Bc5 4. b4 Bxb4 5. c3 Be7 6. d4 exd4 7. 0-0 dxc3 8. Qd5 Nh6 9. Bxh6 0-0 10. Bf4 Nb4 11. Qd4 Nc2 12. Qxc3 Nxa1 13. Qxa1 d6 14. Nc3 Bf6 15. e5 dxe5 16. Nxe5 Bf5 17. Rd1 Qc8 18. Nd5 c6 19. Nxf6+ gxf6 20. Nxf7 Kg7 21. Bg5 Rxf7 22. Bxf7 Kxf7 23. Qxf6+ Kg8 24. Bh6 Qc7 25. Qxf5 Re8 26. Qg4+ Kh8 27. g3 c5 28. Rd7 Re1+ 29. Kg2 Qc6+ 30. f3 1-0

[Event "EU-ch U14"]
[Site "Bratislava"]
[Date "2019.08.07"]
[Round "6"]
[White "Binz, Lennox"]
[Black "Kull, Tormi"]
[Result "1/2-1/2"]
[WhiteElo "1871"]
[BlackElo "1426"]
[PlyCount "62"]
[EventDate "2019.08.02"]
[EventType "swiss"]
[EventRounds "9"]
[EventCountry "SVK"]
[SourceTitle "EXT 2020"]
[Source "ChessBase"]
[SourceDate "2019.10.17"]
[SourceVersion "1"]
[SourceVersionDate "2019.10.17"]
[SourceQuality "1"]

1. e4 c6 2. d4 d5 3. exd5 cxd5 4. c4 Nf6 5. Nc3 g6 6. Nf3 Bg7 7. cxd5 Nxd5 8. Bc4 Nb6 9. Bb3 0-0 10. 0-0 Nc6 11. d5 Na5 12. Re1 Nxb3 13. Qxb3 Bxc3 14. bxc3 Qxd5 15. Rxe7 Qxb3 16. axb3 Nd5 17. Re5 Nc7 18. Ba3 Re8 19. Rxe8+ Nxe8 20. Bc5 a6 21. Re1 Be6 22. Nd4 Ng7 23. Nxe6 Nxe6 24. Bb6 Rc8 25. c4 Rc6 26. Be3 Rd6 27. Kf1 Rd3 28. Rb1 Kf8 29. Ke2 Rd6 30. Kf3 Ke7 31. Ke4 Kf6 1/2-1/2

[Event "SUI-ch U12"]
[Site "Kreuzlingen"]
[Date "2016.07.01"]
[Round "4"]
[White "Cordey, Colin"]
[Black "Binz, Lennox"]
[Result "1-0"]
[WhiteElo "1761"]
[BlackElo "1669"]
[PlyCount "101"]
[EventDate "2016.06.30"]
[EventType "swiss"]
[EventRounds "7"]
[EventCountry "SUI"]
[SourceTitle "EXT 2017"]
[Source "ChessBase"]
[SourceDate "2016.10.25"]
[SourceVersion "1"]
[SourceVersionDate "2016.10.25"]
[SourceQuality "1"]

1. d4 Nf6 2. Nf3 g6 3. Nc3 Bg7 4. e4 d6 5. h3 0-0 6. Be3 a6 7. Bd3 e5 8. dxe5 dxe5 9. 0-0 Nc6 10. Qd2 Qd6 11. Rad1 Be6 12. Bh6 Rad8 13. Bxg7 Kxg7 14. a3 Nh5 15. Qe3 Qe7 16. Rfe1 Nf4 17. Bf1 Rd7 18. Rxd7 Bxd7 19. Kh2 Be6 20. g3 Nh5 21. Rd1 Nf6 22. Nd5 Qd6 23. c4 Rd8 24. Be2 Bc8 25. c5 Qe6 26. Ng5 Qe8 27. Nxc7 Qf8 28. Nd5 h6 29. Nxf6 Rxd1 30. Bxd1 hxg5 31. Nd5 Qh8 32. g4 Qd8 33. b4 Ne7 34. Bb3 Nc6 35. Ba2 Nd4 36. Kg2 Be6 37. f3 Nc6 38. Qd2 Ne7 39. Qxg5 Bxd5 40. Qxe5+ f6 41. Qd4 Qd7 42. exd5 Qa4 43. Qe4 Ng8 44. Qd3 Qd7 45. d6 Ne7 46. Qc4 Nc6 47. Qg8+ Kh6 48. Qh8+ Kg5 49. h4+ Kf4 50. Qh6+ Ke5 51. Qe3# 1-0